Liberalización comercial y agricultura en el istmo centroamericano: impactos y perspectivas
Gardado en:
| Autor Corporativo: | |
|---|---|
| Formato: | Texto |
| Publicado: |
México D.F.:
CEPAL
|
| Etiquetas: |
Engadir etiqueta
Sen Etiquetas, Sexa o primeiro en etiquetar este rexistro!
|
MARC
| LEADER | 00000 a a2200000 04500 | ||
|---|---|---|---|
| 001 | 25184 | ||
| 003 | |||
| 040 | |||
| 090 | |a 180100 | ||
| 110 | |a Naciones Unidas | ||
| 245 | |a Liberalización comercial y agricultura en el istmo centroamericano: impactos y perspectivas | ||
| 260 | |a México D.F.: |b CEPAL | ||
| 300 | |a 112 p. |b **no definido** |b fonodiscos | ||
| 999 | |c 11134 |d 11134 | ||
